| 000 | 00659nam a2200205 a 4500 | ||
|---|---|---|---|
| 001 | BRCA_3836 | ||
| 005 | 20190320204436.0 | ||
| 008 | 111209s1869----fr-#######---#000-0#fre-# | ||
| 050 | 4 |
_aF1233.M3 _b.H36 1869 |
|
| 100 | 1 |
_aHans, Albert _99988 |
|
| 245 | 1 | 0 |
_aQueretaro _bsouvenirs d´un officier de l´ empereur Maximilien _cAlbert Hans. |
| 260 |
_aParís _bE. Dentu _c1869 |
||
| 300 |
_a354 p. _bil., 1 mapa _c20 cm. |
||
| 500 | _aB180 | ||
| 600 | 1 | 4 |
_aMaximiliano _cEmperador de México _d1832-1867 _94582 |
| 651 | 4 |
_aQuerétaro, Sitio de _y1867 _99989 |
|
| 651 | 4 |
_aMéxico _vHistoria _yIntervención francesa, 1861-1867 _99990 |
|
| 902 | _aGFM | ||
| 942 |
_2lcc _cB |
||
| 999 |
_c3564 _d3564 |
||